[Event "Sivagangai Tamilnadu op U11 32th"]
[Site "Sivagangai Tamilnadu"]
[Date "2018.07.29"]
[Round "2.4"]
[White "Kanish Vikraman Adithan, B."]
[Black "Rohit, S3333"]
[Result "0-1"]
[WhiteElo "1385"]
[BlackElo "1893"]
[PlyCount "78"]
[EventDate "2018.07.28"]
[EventType "swiss"]
[EventRounds "11"]
[EventCountry "IND"]
[SourceTitle "EXT 2024"]
[Source "ChessBase"]
[SourceDate "2023.10.10"]
[SourceVersion "1"]
[SourceVersionDate "2023.10.10"]
[SourceQuality "1"]

1. e4 c5 2. Nf3 d6 3. d4 cxd4 4. Nxd4 Nf6 5. Nc3 a6 6. Bg5 e6 7. f4 h6 8. Bh4 Qb6 9. Bxf6 gxf6 10. Qd2 Qxb2 11. Rb1 Qa3 12. Be2 Qa5 13. 0-0 Nc6 14. Kh1 Be7 15. f5 Nxd4 16. Qxd4 Qc5 17. Qa4+ Bd7 18. Bb5 Bxb5 19. Rxb5 Qxc3 20. Rxb7+ Kf8 21. Qd7 Re8 22. Rc7 Qe5 23. Qc6 Qb5 24. Qxb5 axb5 25. fxe6 fxe6 26. Rb7 Ra8 27. Rf3 Rxa2 28. Kg1 Kf7 29. Rc3 Raa8 30. Rcc7 Rhe8 31. Rxb5 Rac8 32. Rxc8 Rxc8 33. Kf2 Rxc2+ 34. Kf3 e5 35. Rb7 Ke6 36. h3 h5 37. Rb8 Rc3+ 38. Ke2 f5 39. exf5+ Kxf5 0-1